000 00171nam a22000857a 4500
999 _c16211
_d16211
003 OSt
008 200624b ||||| |||| 00| 0 eng d
245 _aPUC Physics
942 _cBK